000 00271nam a22001217a 4500
008 180307b xxu||||| |||| 00| 0 eng d
041 _aeng
080 _a611
100 _a6
101 _aana
245 _aintroduction to plant physiology
_cmeyer.a
942 _2udc
_cBK
999 _c44352
_d44352